• 首页
  • 本馆介绍
  • 公告通知
  • 最新文献
  • 馆藏检索
  • 电子资源
  • 读者导购
  • 参考咨询
  • 我的图书馆
  • 登录
  • 详细信息显示
  • 放入我的书架
  • 预约/预借图书
  • 作者相关作品
  • 分类相关作品
  • 丛书相关作品
  • 出版社相关作品

书目信息

  • 表格格式
  • 工作单格式
  • 卡片格式
题名:
经济法基础必刷题
    
 
作者: ;全国会计专业技术资格考试研究组 编
分册:   初级会计资格
出版信息: 长春   东北师范大学出版社  2021.06
页数: 154页
开本: 26cm
丛书名: 全国会计专业技术资格考试成功之路系列
单 册:
中图分类: D922.290.4 , F23-44
科图分类:
主题词: 经济法--jing ji fa--中国--资格考试--习题集 , 会计--kuai ji--资格考试--习题集
电子资源:
ISBN: 978-7-5681-8113-6
000 01380nam 2200301 450
001 CAL 012022018678
005 20230217093113.0
010    @a978-7-5681-8113-6@dCNY49.00 (含手册)
100    @a20220919d2021 em y0chiy0120 ea
101 0  @achi
102    @aCN@b220000
105    @ay q 000yy
106    @ar
200 1  @a经济法基础必刷题@Ajing ji fa ji chu bi shua ti@i初级会计资格@f全国会计专业技术资格考试研究组编
210    @a长春@c东北师范大学出版社@d2021.06
215    @a154页@d26cm@e手册1册 (30页)
225 2  @a全国会计专业技术资格考试成功之路系列@Aquan guo kuai ji zhuan ye ji shu zi ge kao shi cheng gong zhi lu xi lie
300    @a天一金融
330    @a本书包含: 必刷题、精华考点速记手册, 赠送在线刷题小程序、思维导图课件、备考QQ交流群群、专业答疑等一系列增值服务。必刷题包含冲关必刷题和冲刺必刷卷两部分内容, 冲关必刷题主要内容为每章习题, 冲刺必刷卷主要内容为整套试卷 ; 精华考点速记手册主要内容为常考易考点。
410  0 @12001 @a全国会计专业技术资格考试成功之路系列
517 1  @a初级会计资格@Achu ji kuai ji zi ge
606 0  @a经济法@Ajing ji fa@y中国@x资格考试@j习题集
606 0  @a会计@Akuai ji@x资格考试@j习题集
690    @aD922.290.4@v5
690    @aF23-44@v5
711 02 @a全国会计专业技术资格考试研究组@Aquan guo hui ji zhuan ye ji shu zi ge kao shi yan jiu zu@4编
801  0 @aCN@bBJXHZP@c20230228
905    @b1386284-7@dD922.290.4@e2295@f4
    
    经济法基础必刷题.初级会计资格/全国会计专业技术资格考试研究组编.-长春:东北师范大学出版社,2021.06
    154页;26cm+手册1册 (30页).-(全国会计专业技术资格考试成功之路系列)
    天一金融
    
    ISBN 978-7-5681-8113-6:CNY49.00 (含手册)
    本书包含: 必刷题、精华考点速记手册, 赠送在线刷题小程序、思维导图课件、备考QQ交流群群、专业答疑等一系列增值服务。必刷题包含冲关必刷题和冲刺必刷卷两部分内容, 冲关必刷题主要内容为每章习题, 冲刺必刷卷主要内容为整套试卷 ; 精华考点速记手册主要内容为常考易考点。
●
相关链接 在E读中查询图书 在五车中查询图书 在当当中查询图书 在豆瓣中查询图书


正题名:经济法基础必刷题     索取号:D922.290.4/2295         预约/预借

序号 登录号 条形码 馆藏地/架位号 状态 备注
1 1386284   213862845   第一样本阅览室/ [索取号:D922.290.4/2295] 在馆    
2 1386285   213862854   第一借阅区/ [索取号:D922.290.4/2295] 在馆    
3 1386286   213862863   第一借阅区/ [索取号:D922.290.4/2295] 在馆    
4 1386287   213862872   第一借阅区/ [索取号:D922.290.4/2295] 在馆    
唐山师范学院图书馆 欢迎您!
大连网信软件有限公司© 版权所有